| 000 | 01511cab a2200253 4500 | ||
|---|---|---|---|
| 001 | ABS67927 | ||
| 008 | 040624n2004 000 0 eng u | ||
| 035 | _a(Sirsi) u126598 | ||
| 100 | _aO'Neill, T. | ||
| 245 | _aSeeking approval | ||
| 260 | _c2004 | ||
| 490 |
_aFire Engineers' Journal _v June 2004, 18-19(2) |
||
| 520 | _aReports on the role of approved inspectors, Building Regulations 2000 Approved Document B and fire authorities in approving fire safe buildings. Reviews the powers of approved inspectors and illustrates how the regulations can be interpreted. Particularly highlights the issues of single-storey retail units and raised storage platforms. Stresses the importance of consultation between building control bodies and fire authorities. Recommends dealing with issues which arise under the Fire Precautions (Workplace) Regulations 1997 at the Building Regulations stage, rather than leaving the client to satisfy the fire authority following the issue of the final certificate. Concludes that problems can be minimised if communication is paramount in the consultation process. | ||
| 590 | _aABS | ||
| 650 | _aAPPROVED INSPECTORS | ||
| 650 | _aBUILDING REGULATIONS 2000 APPROVED DOCUMENT B (2002 EDITION) | ||
| 650 | _aMANAGEMENT-HEALTH AND SAFETY-FIRE SAFETY | ||
| 650 | _aFIRE AUTHORITIES | ||
| 650 | _aFIRE PRECAUTIONS (WORKPLACE) REGULATIONS 1997 | ||
| 650 | _aFINAL CERTIFICATES | ||
| 650 |
_aBUILDING CONTROL _96222 |
||
| 690 |
_aHEALTH AND SAFETY _96244 |
||
| 942 | _n0 | ||
| 999 |
_c74441 _d74441 |
||